Integrated electronics: analog and digital circuits and systems

Gespeichert in:
Bibliographische Detailangaben
Hauptverfasser: Millman, Jacob (autor), Halkias C., Christos C (VerfasserIn)
Format: Buch
Sprache:Englisch
Veröffentlicht: Tokio McGraw-Hill Kogakusha 1972
Schriftenreihe:McGraw-Hill Electrical and Electronic Engineering Series
Schlagworte:
Tags: Tag hinzufügen
Keine Tags, Fügen Sie den ersten Tag hinzu!

MARC

LEADER 00000nam a2200000 a 4500
001 UCU6086
003 CL-VaPUC
008 960614e19720000JA |||||||||||||||||eng|d
082 0 4 |a 621.381  |b MIL  |2 21 
100 |a Millman, Jacob  |e autor  |9 547924 
700 0 |a Halkias C., Christos C  |e author  |9 364204 
245 1 0 |a Integrated electronics: analog and digital circuits and systems 
300 |a 911 p 
942 |c BK 
945 |d 19960614 00:00:00  |a lriquelm 
260 |a Tokio  |b McGraw-Hill Kogakusha  |c 1972 
650 0 |a Circuitos electrónicos  |9 260204 
650 0 |a Circuitos integrados   |9 260673 
650 7 |a DISPOSITIVOS SEMICONDUCTORES  |2 CL-VaPUC  |9 361201 
650 7 |a DIODOS SEMICONDUCTORES  |2 CL-VaPUC  |9 364205 
650 0 |a Transistores  |9 260330 
650 7 |a FRECUENCIAS  |2 CL-VaPUC  |9 360857 
650 0 |a Amplificadores   |9 338119 
650 0 |a Voltaje   |9 362861 
583 |a last modification  |c 19960614 00:00:00  |k Rodrigo Vera 
490 0 |a McGraw-Hill Electrical and Electronic Engineering Series 
999 |c 249142  |d 249140 
952 |0 0  |1 0  |4 0  |6 621_381000000000000_MIL_1972  |7 0  |8 A  |9 266201  |a BIBING  |b BIBING  |d 2019-11-19  |i 168146K  |o 621.381 MIL 1972  |p 168146K  |r 2025-01-20  |w 2019-11-19  |y BK  |k EIE